[Event "ROM-chT"]
[Site "ROM"]
[Date "1995.??.??"]
[Round "?"]
[White "Bogdan, Dan"]
[Black "Varga, Zalan"]
[Result "1/2-1/2"]
[WhiteElo "2405"]
[BlackElo "2275"]

1.Nf3 d5 2.g3 c5 3.Bg2 Nc6 4.O-O e5 5.d3 f6 6.Nbd2 Nh6 7.e4 d4 8.a4 Nf7 9.Nc4 Bg4
10.h3 Be6 11.Nfd2 Qd7 12.Kh2 g5 13.Qh5 Rg8 14.Qe2 O-O-O 15.a5 Nb4 16.Na3 Rg6
17.f3 Rh6 18.g4 Rh4 19.Ndc4 h5 20.Kg1 Nh8 21.Bd2 Ng6 22.Qd1 Qh7 23.Be1 hxg4
24.fxg4 Rxh3 25.Bxh3 Qxh3 26.Qf3 Qxf3 27.Rxf3 Nf4 28.Bd2 Bxg4 29.Rff1 Bh3
30.Rf3 Bg4 31.Rff1 Bf3 32.Rxf3 Ne6 33.Kf2 g4 34.Rf4 exf4 35.Bxf4 Be7 36.Rh1 Kd7
37.Rh7 Rf8 38.Kg3 Rf7 39.Rh8 Rf8 40.Rh7 Rf7 41.Rh8 Nc6 42.c3 dxc3 43.bxc3 f5
44.e5 Rg7 45.a6 bxa6 46.Be3 a5 47.Nc2 Rg8 48.Rh7 Rb8 49.d4 cxd4 50.Nxd4 Ncxd4
51.cxd4 Rb7 52.Bg5 Ke8 53.Rh8+ Kf7  1/2-1/2

[Event "ROM-chT"]
[Site "ROM"]
[Date "1995.??.??"]
[Round "?"]
[White "Sheremetieva, Marina"]
[Black "Zhukova, Natalia"]
[Result "1/2-1/2"]
[WhiteElo "2310"]
[BlackElo "2260"]

1.Nf3 d5 2.g3 c5 3.Bg2 Nc6 4.d3 Nf6 5.O-O e6 6.Nc3 Be7 7.e4 b6 8.exd5 exd5
9.d4 Bb7 10.Ne2 O-O 11.c3 Re8  1/2-1/2

[Event "RUS Army-ch"]
[Site "RUS"]
[Date "1995.??.??"]
[Round "?"]
[White "Kharitonov, Andrei Y"]
[Black "Belikov, Vladimir"]
[Result "1/2-1/2"]
[WhiteElo "2550"]
[BlackElo "2470"]

1.Nf3 d5 2.g3 c6 3.Bg2 Nf6 4.O-O Bg4 5.d3 e6 6.Nbd2 Nbd7 7.b3 Be7 8.Bb2 O-O
9.c4 a5 10.a3 Re8 11.Rc1 Bf8  1/2-1/2

[Event "Sala op"]
[Site "Sala"]
[Date "1995.??.??"]
[Round "6"]
[White "Ianov, Viktor"]
[Black "Pribyl, Josef"]
[Result "1/2-1/2"]
[WhiteElo "2360"]
[BlackElo "2390"]

1.g3 d5 2.Nf3 Nf6 3.Bg2 g6 4.b3 Bg7 5.Bb2 O-O 6.c4 dxc4 7.bxc4 c5 8.O-O Nc6
9.d3 Bd7 10.Nc3 Qc8 11.Nd5 Nxd5 12.Bxg7 Ne3 13.Qd2 Nxf1 14.Qh6 f6 15.Bxf8 Qxf8
16.Qxf8+ Kxf8 17.Kxf1 Nd8 18.Nd2  1/2-1/2

[Event "Salta Clarin op"]
[Site "Salta"]
[Date "1995.??.??"]
[Round "3"]
[White "Soppe, Guillermo"]
[Black "Sorokin, Maxim"]
[Result "0-1"]
[WhiteElo "2455"]
[BlackElo "2550"]

1.Nf3 d5 2.g3 g6 3.c4 e6 4.Bg2 Bg7 5.O-O Ne7 6.cxd5 exd5 7.d4 O-O 8.Nc3 Nbc6
9.Bg5 f6 10.Bd2 Be6 11.Na4 b6 12.b4 Nf5 13.e3 Nd6 14.Nb2 a5 15.a3 axb4 16.axb4 Ne7
17.Qb3 Qd7 18.Rfc1 c6 19.Be1 Ra7 20.Ra4 Rfa8 21.Rca1 Bf8 22.Rxa7 Rxa7 23.Rxa7 Qxa7
24.Qa4 Qxa4 25.Nxa4 Nec8 26.Bf1 Kf7 27.Nd2 Bf5 28.Nc3 Na7 29.f3 Bc2 30.e4 Ke6
31.b5 Naxb5 32.exd5+ Kf7 33.Nc4 Nxd4 34.Bf2 Nxf3+ 35.Kg2 Nxc4 36.Bxc4 Nd2
37.Ba2 c5  0-1

[Event "BRA-chT"]
[Site "San Jose do Rio Preto"]
[Date "1995.??.??"]
[Round "6"]
[White "De Toledo, James Mann"]
[Black "Trindade, Sandro Heleno"]
[Result "1-0"]
[WhiteElo "2295"]
[BlackElo "2345"]

1.g3 d5 2.Nf3 c6 3.Bg2 Nf6 4.O-O Bf5 5.b3 e6 6.Bb2 Be7 7.c4 O-O 8.d3 h6 9.Nc3 a5
10.cxd5 cxd5 11.Nd4 Bh7 12.e4 Nc6 13.Nxc6 bxc6 14.Qe2 Nd7 15.Rac1 Nb6 16.Rfe1 Qd7
17.h4 Rfb8 18.Ba1 Ra7 19.exd5 cxd5 20.Nxd5 Bf8 21.Qe5 Qd8 22.Nxb6 Rxb6 23.Bd4 Raa6
24.Bxb6 Rxb6 25.d4 Bb4 26.Red1 Rd6 27.Rc6 Rd7 28.Rdc1 Bd6 29.Qe3 Qf6 30.Rc8+ Bf8
31.Ra8 Rd8 32.Rxd8 Qxd8 33.Rc4 g5 34.hxg5 hxg5 35.Be4 Kg7 36.Bxh7 Kxh7 37.Qe4+ Kg7
38.Qe5+ Kg6 39.d5 exd5 40.Rd4 Bg7 41.Rxd5  1-0

[Event "San Luis Clarin GP"]
[Site "San Luis"]
[Date "1995.??.??"]
[Round "1"]
[White "Panno, Oscar"]
[Black "Kanefsck, Gustavo"]
[Result "1-0"]
[WhiteElo "2530"]
[BlackElo "2305"]

1.Nf3 d5 2.g3 Nf6 3.Bg2 c6 4.d3 g6 5.O-O Bg7 6.Nbd2 O-O 7.e4 Bg4 8.h3 Bxf3
9.Qxf3 Nbd7 10.Qe2 e5 11.b3 Re8 12.Bb2 a5 13.a3 Qc7 14.exd5 Nxd5 15.Rae1 f5
16.Qd1 Rad8 17.Qa1 Re7 18.Re2 Rde8 19.Rfe1 Bf6 20.Nc4 h5 21.h4 b5 22.Nd2 Qd6
23.Kh2 Nc7 24.a4 e4 25.dxe4 Bxb2 26.Qxb2 f4 27.axb5 cxb5 28.Qc3 fxg3+ 29.Qxg3 Ne5
30.Kh1 Rf8 31.Nf3 Qf6 32.Nxe5 Qxe5 33.Rd2 b4 34.Rd6 Qxg3 35.fxg3 Kg7 36.Kg1 Re5
37.Bf1 Rfe8 38.Rd7+ R8e7 39.Rxe7+ Rxe7 40.Kf2 Re5 41.Ke3 Nb5 42.Bd3 Kf6 43.Rf1+ Ke7
44.Rf4 Rc5 45.g4 Na3 46.Kd4 Rc7 47.gxh5 gxh5 48.Rf2 Ke6 49.e5 Rg7 50.Rf6+ Ke7
51.Kd5 Rg2 52.Rh6 Nxc2 53.Rh7+ Kd8 54.e6 Rd2 55.Rd7+  1-0

[Event "Santa Cruz de la Palma op"]
[Site "Santa Cruz"]
[Date "1995.??.??"]
[Round "?"]
[White "Anic, Darko"]
[Black "Morales, Julian"]
[Result "1-0"]
[WhiteElo "2410"]
[BlackElo "2230"]

1.Nf3 d5 2.g3 c6 3.Bg2 Nf6 4.d3 Nbd7 5.Nbd2 e6 6.O-O Qc7 7.b3 g6 8.Bb2 Bg7
9.e4 O-O 10.Re1 Rd8 11.e5 Ne8 12.Qe2 b5 13.h4 c5 14.c4 bxc4 15.dxc4 Nf8 16.Ng5 Rb8
17.Rac1 Qa5 18.Bc3 Qb6 19.Ndf3 Rb7 20.Nh2 h6 21.Nh3 Re7 22.cxd5 exd5 23.Qd2 Nc7
24.Nf4 Be6 25.Ba5 Qc6 26.Nd3 Nd7 27.Nb4 Qb7 28.Nxd5 Bxd5 29.Bxd5 Qc8 30.e6 Nb6
31.exf7+ Kf8 32.Rxe7 Ncxd5 33.Bxb6 axb6  1-0

[Event "Santiago zt"]
[Site "Santiago"]
[Date "1995.??.??"]
[Round "2"]
[White "Cortes Moyano, Julio"]
[Black "Arancibia, Eduardo"]
[Result "0-1"]
[WhiteElo "2345"]
[BlackElo "2320"]

1.g3 d5 2.Nf3 Nf6 3.Bg2 c6 4.d3 Bg4 5.h3 Bxf3 6.exf3 e6 7.O-O Nbd7 8.Re1 Bc5
9.f4 Qb6 10.Qf3 O-O 11.c3 Rfe8 12.d4 Bf8 13.b3 a5 14.Nd2 c5 15.dxc5 Bxc5
16.Bb2 e5 17.Nf1 e4 18.Qe2 Bf8 19.Ne3 a4 20.b4 a3 21.Bc1 d4 22.Nc4 Qa7 23.Nxa3 dxc3
24.Nb5 Qb6 25.Be3 Qc6 26.a3 Nd5 27.Rec1 g6 28.Bd4 Bg7 29.Bxg7 Kxg7 30.Nd4 Qb6
31.Rd1 N7f6 32.Nc2 Rad8 33.Qc4 h5 34.h4 e3 35.Bxd5 e2 36.Rd3 Rc8 37.Qb3 Ng4
38.Rf3 e1=Q+ 39.Rxe1 Rxe1+ 40.Nxe1 Qd4 41.Bxb7 c2 42.Nxc2 Qd1+ 43.Kg2 Rxc2
44.Qd3 Rxf2+  0-1

[Event "Sao Paulo zt"]
[Site "Sao Paulo"]
[Date "1995.??.??"]
[Round "3"]
[White "Sunye Neto, Jaime"]
[Black "Matsuura, Everaldo"]
[Result "1-0"]
[WhiteElo "2525"]
[BlackElo "2370"]

1.Nf3 d5 2.g3 Nf6 3.Bg2 g6 4.O-O Bg7 5.d3 O-O 6.Nbd2 c5 7.e4 Nc6 8.c3 e5
9.exd5 Nxd5 10.Re1 Nde7 11.Nc4 Qc7 12.Qe2 f6 13.Nfd2 b6 14.Ne4 Ba6 15.f4 Rad8
16.fxe5 Bxc4 17.Nxf6+ Kh8 18.dxc4 Qxe5 19.Ne4 Qf5 20.Bf4 h6 21.Nd6 Qf6 22.Nb5 g5
23.Bc7 Rc8 24.Bd6 Rfe8 25.Rad1  1-0

[Event "Sao Paulo op"]
[Site "Sao Paulo"]
[Date "1995.??.??"]
[Round "7"]
[White "Sady, Joao Jose"]
[Black "Hirota da Silva, Nilton"]
[Result "1-0"]
[WhiteElo "2080"]
[BlackElo "2115"]

1.Nf3 d5 2.g3 c6 3.Bg2 Bg4 4.h3 Bh5 5.d3 Nd7 6.Nbd2 e5 7.e4 Bd6 8.O-O Ngf6
9.Qe1 O-O 10.Nh4 Bg6 11.b3 Qa5 12.Nxg6 hxg6 13.Nf3 Bb4 14.Bd2 Bxd2 15.Qxd2 Qb6
16.Qe2 Rfe8 17.Rfe1 a5 18.a4 Rad8 19.Nd2 Qc5 20.Rac1 Nf8 21.Nf3 dxe4 22.dxe4 Ne6
23.c3 Nh5 24.Kh2 Qb6 25.Qc2 Nc5 26.Rb1 Nf6 27.Ng5 Rd7 28.Re2 Qc7 29.b4 axb4
30.cxb4 Ne6 31.Nxe6 Rxe6 32.Rd1 Red6 33.Red2 Qd8 34.Rxd6 Rxd6 35.Rxd6 Qxd6
36.Qc3 g5 37.Bf3 Kf8 38.Kg2 Ke7 39.b5 c5 40.a5 Qd4 41.Qc2 c4 42.a6 bxa6 43.bxa6 Nd7
44.Qc1 Qa7 45.Qxc4 Nc5 46.Be2 f6 47.Qb5 Kd6 48.f3 Kc7 49.h4 gxh4 50.gxh4  1-0

[Event "Sao Paulo zt"]
[Site "Sao Paulo"]
[Date "1995.??.??"]
[Round "9"]
[White "Bravo, Hector"]
[Black "Disconzi da Silva, Rodrigo"]
[Result "0-1"]
[WhiteElo "2335"]
[BlackElo "2370"]

1.Nf3 d5 2.g3 c6 3.Bg2 Bg4 4.O-O Nd7 5.d3 e6 6.Nbd2 Bd6 7.b3 Ne7 8.Bb2 O-O
9.e4 Bc7 10.a3 Re8 11.Re1 Bh5 12.Qe2 b5 13.h3 a5 14.g4 Bg6 15.Nd4 Qb8 16.a4 bxa4
17.Rxa4 Nc5 18.Ra2 Qb6 19.Bc3 Ra6 20.Rea1 Rea8 21.N4f3 Nd7 22.h4 f6 23.Bh3 Bf7
24.Kh1 Ng6 25.Qe1 c5 26.g5 Qd6 27.Qg1 d4 28.Bb2 fxg5 29.Qxg5 h6 30.Qg1 Qf4
31.Qg4 Qxg4 32.Bxg4 Nf4 33.Ng1 Bd8 34.Nc4 Bxh4 35.Bc1 Ng6 36.Rxa5 Rxa5 37.Rxa5 Rxa5
38.Nxa5 Bxf2 39.Ba3 Nge5 40.Bh3 Bh4 41.Ne2 Bd8 42.Nb7 Bb6 43.Nf4 g5 44.Nxe6 g4
45.Nexc5 gxh3 46.Kh2 Nxc5 47.Bxc5 Bxc5 48.Nxc5 Nc6 49.Kxh3 Kg7 50.Kg4 Kf6
51.Kf4 h5 52.Na6 Nd8 53.e5+ Ke7 54.Nb4 Kd7 55.Na2 Ne6+ 56.Kg3 Ng7 57.Kf4 Ne6+
58.Kg3 Nc7 59.c3 Bxb3 60.Nc1 Bd1 61.cxd4 Nd5 62.Na2 Ke6 63.Kf2 h4 64.Nc1 Kf5
65.Ne2 Kg4 66.e6 Bxe2 67.Kxe2 Kg3 68.Kf1 h3 69.Kg1 h2+ 70.Kh1 Nf4  0-1

[Event "Sarospatak op"]
[Site "Sarospatak"]
[Date "1995.??.??"]
[Round "?"]
[White "Kakuk, Sandor"]
[Black "Kotan, Ladislav"]
[Result "1/2-1/2"]
[WhiteElo "2225"]
[BlackElo "2350"]

1.Nf3 d5 2.g3 c6 3.Bg2 Bg4 4.d3 Nd7 5.O-O e6 6.h3 Bh5 7.Nc3 Ngf6 8.Bg5 h6
9.Bxf6 Nxf6 10.Qd2 Be7  1/2-1/2

[Event "Schwaebisch Gmuend op"]
[Site "Schwaebisch Gmuend"]
[Date "1995.??.??"]
[Round "?"]
[White "Jurek, Josef"]
[Black "Ruzele, Darius"]
[Result "1/2-1/2"]
[WhiteElo "2355"]
[BlackElo "2500"]

1.Nf3 d5 2.g3 Bg4 3.Bg2 Nd7 4.c4 e6 5.Qa4 c6 6.cxd5 Bxf3 7.Bxf3 Nb6 8.Qd1 cxd5
9.b3 Be7 10.Bb2 Bf6 11.d4 Ne7 12.O-O Nc6 13.Bg2 O-O 14.e3 g6 15.Nc3 Qd7 16.Qd2 Bg7
17.Ne2 Rfd8 18.Rfd1 Nc8 19.Nf4 Nd6 20.Nd3 b6 21.Rac1 Rac8 22.Nb4 Nxb4 23.Qxb4 Bf8
24.Qd2 f5 25.Rxc8 Rxc8 26.Rc1 Ne4 27.Qd3 Bb4 28.Rxc8+ Qxc8 29.f3 Nf6 30.Bf1 h5
31.Qd1 Kf7 32.Bd3 g5 33.Qc2 Qxc2 34.Bxc2 g4 35.Kf2 gxf3 36.Kxf3 Ng4 37.h3 Nf6
38.Bc1 Kg7 39.Kf2 Ne4+ 40.Kf3 Bd6 41.Bxe4 dxe4+ 42.Kf2 Bb4 43.Ke2 h4 44.gxh4 Kg6
45.Kf2 Kh5 46.Kg3 Bd6+ 47.Kg2 Bb4 48.Kg3 b5 49.a4 bxa4 50.bxa4 a6 51.Kg2 Kxh4
52.Kh2 Ba5 53.Kg2 Bc3 54.Ba3 Bd2 55.Be7+ Kh5 56.Kf2 Ba5  1/2-1/2

[Event "Seattle Washingt-ch"]
[Site "Seattle"]
[Date "1995.??.??"]
[Round "?"]
[White "Pupols, Viktors"]
[Black "Orlov, Georgi"]
[Result "0-1"]
[WhiteElo "2240"]
[BlackElo "2480"]

1.Nf3 d5 2.g3 c6 3.Bg2 Bg4 4.O-O Nd7 5.d4 e6 6.Re1 Ngf6 7.Nbd2 Be7 8.c4 O-O
9.b3 Bb4 10.a3 Bc3 11.Ra2 Bxf3 12.Bxf3 Bxd4 13.e4 Qb6 14.Qe2 dxe4 15.Nxe4 Qxb3
16.Rd2 e5 17.Nd6 Nc5 18.Bb2 Bxb2 19.Rxb2 Qxa3 20.Nxb7 e4 21.Bg2 Nd3 22.Ra2 Qb4  0-1

[Event "Siauliai"]
[Site "Siauliai"]
[Date "1995.??.??"]
[Round "2"]
[White "Veja, Ginta"]
[Black "Zhuravliov, Valerij"]
[Result "0-1"]
[WhiteElo "2070"]
[BlackElo "2455"]

1.Nf3 d5 2.g3 Nc6 3.Bg2 e5 4.d3 Nge7 5.O-O g6 6.Nbd2 Bg7 7.c3 O-O 8.e4 h6
9.Qe2 Re8 10.Rd1 a5 11.a4 Bg4 12.h3 Be6 13.Ne1 Qd7 14.exd5 Nxd5 15.Kh2 Rad8
16.Ne4 Qe7 17.Be3 b6 18.Nd2 Qd7 19.Nc4 f5 20.Nc2 Bf7 21.Bd2 Kh7 22.N2e3 Nd4
23.cxd4 exd4 24.Qf3 dxe3 25.fxe3 Qe7 26.Rac1 Nb4 27.Bxb4 Qxb4 28.Qc6 Re7
29.Rc2 Be8 30.Qf3 Bxa4  0-1

[Event "Skei"]
[Site "Skei"]
[Date "1995.??.??"]
[Round "6"]
[White "Ivanov, M."]
[Black "Tisdall, Jonathan D"]
[Result "1/2-1/2"]
[WhiteElo "2450"]
[BlackElo "2470"]

1.Nf3 d5 2.g3 Nf6 3.Bg2 g6 4.d4 Bg7 5.c4 dxc4 6.Na3 O-O 7.O-O Nc6 8.Nxc4 Be6
9.b3 Bd5 10.Bb2 a5 11.Qc2 Nb4 12.Qd2 Ne4 13.Qc1 Nd6 14.Ncd2 Qc8 15.a3 Nc6
16.Qc2 Qf5 17.Qxf5 gxf5 18.Rac1 e6 19.Rfd1 Ra6 20.Ne5 Ne4 21.Nxc6 bxc6 22.Bxe4 fxe4
23.Bc3 Rb8 24.b4 axb4 25.Bxb4 Bxd4 26.Nxe4 Bb2 27.Rb1 Bxe4  1/2-1/2

[Event "CRO-ch"]
[Site "Slavonski Brod"]
[Date "1995.??.??"]
[Round "?"]
[White "Dizdar, Goran"]
[Black "Loncar, Robert"]
[Result "1-0"]
[WhiteElo "2510"]
[BlackElo "2385"]

1.Nf3 d5 2.g3 c6 3.Bg2 Bg4 4.c4 Nd7 5.cxd5 cxd5 6.Nc3 e6 7.Qb3 Qb6 8.Qxb6 axb6
9.O-O Bxf3 10.Bxf3 Ra5 11.d4 b5 12.Bd2 b4 13.Nd1 Ra7 14.Ne3 Nb8 15.Nc2 Nc6
16.e3 Nf6 17.Rfc1 Kd7 18.Be2 Ne4 19.Be1 Be7 20.f3 Nf6 21.Bb5 b3 22.axb3 Rha8
23.Ra4 Kc7 24.Nb4 Bxb4 25.Bxb4 Nd7 26.Ra3 Kb6 27.Bxc6 bxc6 28.Rca1 Ra6 29.Kf2 Kb5
30.Ke2 f6 31.Kd3 e5 32.Bd6 exd4 33.exd4 g6 34.g4 Nb6 35.Bc5 Nd7 36.Bd6 Nb6
37.h3 Nd7 38.h4 Nb6 39.Bc5 Nd7 40.Bd6 Ra5 41.Re1 c5 42.Re7 Rxa3 43.bxa3 c4+
44.Kc3 Kc6 45.Bb4 cxb3 46.Kxb3 h5 47.Rh7 Re8 48.Be7 Nb6 49.Kc3 Nc4 50.Kd3 Rb8
51.gxh5 gxh5 52.Bxf6 Rb3+ 53.Ke2 Rxa3 54.Rxh5 Ra2+ 55.Ke1 Ne3 56.Rh8 Ng2+
57.Kf1 Ne3+ 58.Ke1 Ng2+ 59.Kf1 Ne3+ 60.Kg1 Rg2+ 61.Kh1 Rf2 62.h5 Rxf3 63.Be5 Nf5
64.Kg2 Nh4+ 65.Kh2 Kd7 66.h6 Rf5 67.h7 Rh5 68.Ra8 Rg5 69.Rf8 Ke7 70.h8=Q Nf3+
71.Rxf3  1-0

[Event "SLO-chT"]
[Site "?"]
[Date "1995.??.??"]
[Round "4"]
[White "Barle, Janez"]
[Black "Pavasovic, Dusko"]
[Result "1/2-1/2"]
[WhiteElo "2450"]
[BlackElo "2450"]

1.Nf3 d5 2.g3 Bg4 3.Bg2 Nd7 4.O-O c6 5.d4 e6 6.Nbd2 f5 7.c4 Bd6 8.Qb3 Rb8
9.Re1 Qe7 10.Ne5 Nxe5 11.dxe5 Bxe5 12.cxd5 exd5 13.e4 fxe4 14.Nxe4 dxe4 15.Rxe4 Nf6
16.Rxe5 Qxe5 17.Bf4 Qe6 18.Qxe6+ Bxe6 19.Bxb8 Kf7 20.Bxa7 Ra8 21.Bd4 Rxa2
22.Re1 Bd5 23.Bxf6  1/2-1/2

[Event "SLO-chT"]
[Site "?"]
[Date "1995.??.??"]
[Round "7"]
[White "Velickovic, Zoran"]
[Black "Kos, Igor"]
[Result "0-1"]
[WhiteElo "2300"]
[BlackElo "2175"]

1.Nf3 d5 2.g3 c6 3.c4 Bg4 4.Bg2 e6 5.O-O Bd6 6.d4 Ne7 7.Qb3 Qc8 8.Nc3 Nd7
9.e4 dxc4 10.Qxc4 O-O 11.Be3 c5 12.Rfd1 Nb6 13.Qe2 cxd4 14.Bxd4 Bc5 15.Qb5 Bxd4
16.Rxd4 Nc6 17.Rd2 Rd8 18.Rad1 Rxd2 19.Rxd2 Bxf3 20.Bxf3 Qc7 21.Kg2 Rd8 22.Rxd8+ Qxd8
23.a4 a6 24.Qc5 Qd4 25.Qxd4 Nxd4 26.b4 Nc2 27.Kf1 Nxb4 28.Ke2 Nc6 29.Bg2 e5
30.f4 f6 31.Kd3 Kf7 32.fxe5 fxe5 33.Bh3 Nb4+ 34.Ke3 Ke7 35.Bf1 Kd6 36.h4 Kc5
37.h5 Nc4+ 38.Bxc4 Kxc4 39.Ne2 Nd3 40.Ng1 b5 41.axb5 axb5 42.Nf3 Kc3 43.g4 b4
44.g5 b3 45.Nd2 Nf4 46.h6 g6 47.Nb1+ Kb2 48.Nd2 Kc3 49.Nb1+ Kb4 50.Kd2 Ne6
51.Nc3 Nxg5 52.Nd5+ Kc4 53.Nf6 Kd4 54.Kc1 Nxe4 55.Nxh7 Kc3  0-1

[Event "Sollentuna op"]
[Site "Sollentuna"]
[Date "1995.??.??"]
[Round "1"]
[White "Poley, Vladimir"]
[Black "Pedersen, Bjarne"]
[Result "1-0"]
[WhiteElo "2355"]
[BlackElo "2225"]

1.Nf3 d5 2.g3 g6 3.c4 c6 4.Bg2 Bg7 5.O-O Nf6 6.d3 O-O 7.Nbd2 Nbd7 8.Qc2 Re8
9.Rb1 b6 10.b4 Bb7 11.a4 c5 12.bxc5 Nxc5 13.Ba3 Rc8 14.a5 Nfd7 15.Rfc1 e5
16.cxd5 Bxd5 17.e4 Bb7 18.axb6 axb6 19.Nc4 Re6 20.Bh3 Rec6 21.Qd2 Ba6 22.Qe3 R8c7
23.Nxb6 Nxb6 24.Rxc5 Na4 25.Rd5 Qe8 26.Bd6 Nc3 27.Bxc7 Nxd5 28.exd5 Rxc7
29.d6 Rb7 30.Rc1 f5 31.Bg2 Rd7 32.Qb6 Bxd3 33.Qb3+ Qf7  1-0

[Event "Sollentuna op"]
[Site "Sollentuna"]
[Date "1995.??.??"]
[Round "5"]
[White "Poley, Vladimir"]
[Black "Berg, Mi"]
[Result "0-1"]
[WhiteElo "2355"]
[BlackElo "2235"]

1.Nf3 d5 2.g3 c6 3.Bg2 Nf6 4.d3 Nbd7 5.O-O e5 6.e4 dxe4 7.dxe4 Qc7 8.Nbd2 Bc5
9.Qe2 O-O 10.Nh4 a5 11.Nb3 Ba7 12.Nf5 a4 13.Nd2 Nc5 14.b4 Ne6 15.c3 Ne8 16.Nf3 f6
17.h4 g6 18.Nh6+ Kg7 19.h5 Nd6 20.Nh4 Nd8 21.hxg6 hxg6 22.N6f5+ Bxf5 23.exf5 g5
24.Ng6 Re8 25.g4 N8f7 26.Rd1 Nb5 27.Bd2 e4 28.Rac1 Rad8 29.Be1 e3 30.f4 Rd2
31.Kf1 Rxe2 32.Kxe2 gxf4 33.Rd3 Rd8 34.Rxd8 Nxd8 35.Rd1 Nf7 36.Be4 Ng5 37.Bf3 Bb8
38.c4 Na3 39.c5 Nc4 40.Bc3 Ne5 41.Nxe5 fxe5 42.Rd6 Qxd6 43.cxd6 Bxd6 44.Bh1 Kh6
45.Bg2 Nh7 46.b5 cxb5 47.Ba5 Nf6 48.Bd8 Nxg4 49.Bxb7 b4 50.Bd5 Kg7 51.Bc6 b3
52.axb3 a3 53.Ba5 e4 54.Bxe4 a2 55.f6+ Kxf6  0-1

[Event "St Ingbert op"]
[Site "St Ingbert op"]
[Date "1995.??.??"]
[Round "2"]
[White "Martinovic, Slobodan"]
[Black "Baecker, Horst"]
[Result "1-0"]
[WhiteElo "2445"]
[BlackElo "2025"]

1.Nf3 d5 2.g3 Nf6 3.Bg2 g6 4.b3 Bg7 5.Bb2 c6 6.c4 Nbd7 7.O-O O-O 8.Qc2 b6
9.d3 Bb7 10.e4 e6 11.Re1 c5 12.Nbd2 Re8 13.h3 d4 14.e5 Nh5 15.Nf1 Qc7 16.Qe2 Rab8
17.N1h2 Bh6 18.Ng4 Bg7 19.Bc1 Bxf3 20.Bxf3 Bf8 21.Nh6+ Bxh6 22.Bxh6 Ng7 23.g4 b5
24.cxb5 Rxb5 25.Rac1 Reb8 26.Qe4 Qa5 27.Re2 Nb6 28.Qf4 Rc8 29.Rec2 Nd7 30.Rc4 Qc7
31.Re1 Rb4 32.Rxb4 cxb4 33.Qxd4 Qc3 34.Qe3 Nb6 35.Rc1 Qxc1+ 36.Qxc1 Rxc1+
37.Bxc1 Ne8 38.Be3 Nc7 39.Bc5 Ncd5 40.Bxd5 Nxd5 41.Bxa7 Nf4 42.Be3 Nxd3 43.Bd2  1-0

[Event "St Ingbert op"]
[Site "St Ingbert op"]
[Date "1995.??.??"]
[Round "6"]
[White "Appel, Ralf"]
[Black "Gyimesi, Zoltan"]
[Result "1-0"]
[WhiteElo "2430"]
[BlackElo "2525"]

1.Nf3 d5 2.g3 c6 3.Bg2 Bg4 4.O-O Nd7 5.d3 e6 6.e4 Ngf6 7.h3 Bh5 8.Nbd2 Ne5
9.Qe1 Nxf3+ 10.Nxf3 dxe4 11.dxe4 Qb6 12.Nd2 Rd8 13.Nb3 Rd1 14.Qe3 Rxf1+ 15.Kxf1 Bg6
16.Qxb6 axb6 17.Be3 Nxe4 18.Bxb6 Nd6 19.Na5 Kd7 20.Rd1 Bxc2 21.Rd2 Bb1 22.Nxb7 Bxa2
23.b3  1-0

[Event "St Petersburg Seniors"]
[Site "St Petersburg"]
[Date "1995.??.??"]
[Round "?"]
[White "Karasev, Vladimir I"]
[Black "Kholmov, Ratmir D"]
[Result "1/2-1/2"]
[WhiteElo "2385"]
[BlackElo "2445"]

1.Nf3 d5 2.g3 c6 3.Bg2 Bg4 4.h3 Bxf3 5.Bxf3 e5 6.d3 Nf6 7.Bg2 Bc5 8.O-O O-O
9.Nd2 Re8 10.e4 Nbd7 11.Qe2 Nf8 12.c3 a5 13.a4 Qd7 14.Rd1 dxe4 15.dxe4 Rad8
16.Re1 h6 17.Nc4 Qc7 18.Qf3 N6h7 19.h4 Nd7 20.Bh3 Ndf8 21.Be3 Bxe3 22.Qxe3 c5
23.Qe2 Nf6 24.Qc2 Re7 25.Rad1 Ne6 26.Rxd8+ Nxd8 27.Rd1 Nc6 28.Nd6 g6 29.Qb3 Nd4
30.cxd4 Qxd6 31.dxe5 Qxe5 32.Bg2 g5 33.hxg5 hxg5 34.Qc3 Qxc3 35.bxc3 b6 36.Rb1 Re6
37.f3 g4 38.Re1 gxf3 39.Bxf3 Nd5 40.Rc1 Nf6  1/2-1/2

[Event "Chigorin mem"]
[Site "St Petersburg"]
[Date "1995.??.??"]
[Round "1"]
[White "Tregubov, Pavel V"]
[Black "Rapoport, Igor"]
[Result "1/2-1/2"]
[WhiteElo "2490"]
[BlackElo "2295"]

1.Nf3 d5 2.g3 c6 3.Bg2 Bf5 4.O-O Nf6 5.d3 e6 6.Nh4 Bg4 7.h3 Bh5 8.Qe1 Be7
9.e4 O-O 10.g4 Nfd7 11.Nf3 dxe4 12.dxe4 Bg6 13.Qe2 e5 14.Rd1 Qc7 15.Bg5 Nc5
16.Nc3 Ne6 17.Bxe7 Qxe7 18.Qe3 Nd7 19.Bf1 Rfd8 20.Rd2 Qf6 21.Rad1 Ndf8 22.Ne2 Rxd2
23.Rxd2 Rd8 24.g5 Qe7 25.Rxd8 Qxd8 26.h4 Qb6 27.Qxb6 axb6 28.Ng3 f6 29.Bc4 b5
30.Bb3 Bf7 31.Nf5 Nd8 32.Ne7+ Kh8 33.Kg2 Bxb3 34.axb3 Ng6 35.Nf5 Kg8 36.Kg3 Kf7
37.Ne1 Nf4 38.gxf6 gxf6 39.Nd3 Nxd3 40.cxd3 Ne6 41.Nd6+ Ke7 42.Nxb7 h5 43.b4 Nd4
44.Nc5 Nc2 45.Na6 Ne1 46.Nc5 Nc2  1/2-1/2

[Event "St Petersburg op"]
[Site "St Petersburg"]
[Date "1995.??.??"]
[Round "2"]
[White "Loginov, Valery A"]
[Black "Lukin, Andrei M"]
[Result "1/2-1/2"]
[WhiteElo "2550"]
[BlackElo "2420"]

1.Nf3 d5 2.g3 g6 3.c4 dxc4 4.Na3 Bg7 5.Nxc4 Nc6 6.Rb1 Be6 7.b3 Bd5 8.Bg2 Nd4
9.e3 Nxf3+ 10.Bxf3 Nf6 11.Bb2 O-O 12.O-O c5 13.d4 cxd4 14.Bxd4 Bxf3 15.Qxf3 Qd5
16.Kg2 Rfd8 17.Rfd1 Qxf3+ 18.Kxf3 Nd5 19.Bxg7 Kxg7 20.Na5 Nc3 21.Rxd8 Rxd8
22.Rb2 Rd5 23.Nxb7 e5 24.Rc2 e4+ 25.Kg2 Nb1 26.Rc4 Nd2 27.Rd4 Rxd4 28.exd4 f5
29.Na5 Kf6 30.Nc6 Ke6 31.Nxa7 Kd5 32.Nb5 g5 33.b4 f4 34.gxf4 gxf4 35.a4 Kc4
36.Nc7 Kxb4 37.d5 e3 38.fxe3 fxe3 39.Nb5 Kxa4 40.d6 Kxb5 41.d7 e2 42.Kf2 Nf3
43.d8=Q  1/2-1/2

[Event "Chigorin mem"]
[Site "St Petersburg"]
[Date "1995.??.??"]
[Round "2"]
[White "Vaulin, Alexander"]
[Black "Yagupov, Igor"]
[Result "1/2-1/2"]
[WhiteElo "2490"]
[BlackElo "2405"]

1.g3 d5 2.Nf3 c6 3.Bg2 Bg4 4.c4 e6 5.cxd5 exd5 6.O-O Nd7 7.d3 Ngf6 8.Nc3 Bd6
9.h3 Bxf3 10.Bxf3 d4 11.Ne4 Nxe4 12.Bxe4 O-O 13.Bg2 Qb6 14.e4 dxe3 15.Bxe3  1/2-1/2

[Event "St Petersburg op"]
[Site "St Petersburg"]
[Date "1995.??.??"]
[Round "4"]
[White "Vaulin, Alexander"]
[Black "Alexandria, Nana"]
[Result "1-0"]
[WhiteElo "2510"]
[BlackElo "2350"]

1.g3 d5 2.Nf3 Bg4 3.Bg2 e6 4.c4 c6 5.cxd5 exd5 6.O-O Nf6 7.d3 Be7 8.Qc2 O-O
9.e4 Nbd7 10.Nc3 Nb6 11.h3 Bh5 12.Ne2 Bg6 13.Nh4 Ne8 14.Nxg6 hxg6 15.Be3 Nc7
16.Qb3 Na6 17.Rac1 Bg5 18.Bxg5 Qxg5 19.exd5 Nxd5 20.Qxb7 Nab4 21.Bxd5 Nxd5
22.Qxc6 Rae8 23.h4 Qd2 24.Qxd5 Rxe2 25.Rc7 Qxb2 26.Rxa7 Qb8 27.Ra3 Rd8 28.Qf3 Rd2
29.Re1 Qd6 30.Ra7 Qf6 31.Qxf6 gxf6 32.Ree7 R2xd3  1-0

[Event "St Petersburg-ch"]
[Site "St Petersburg"]
[Date "1995.??.??"]
[Round "5"]
[White "Karasev, Vladimir I"]
[Black "Solozhenkin, Evgeniy"]
[Result "0-1"]
[WhiteElo "2405"]
[BlackElo "2480"]

1.Nf3 d5 2.g3 c6 3.Bg2 Bg4 4.h3 Bh5 5.d3 e6 6.O-O Bd6 7.c4 Nd7 8.cxd5 exd5
9.Nc3 Ne7 10.e4 dxe4 11.dxe4 Ne5 12.g4 Nxf3+ 13.Qxf3 Bg6 14.Bf4 Bxf4 15.Qxf4 O-O
16.Rad1 Qb6 17.Rd7 Qxb2 18.Qe3 Nc8 19.Rb1 Qa3 20.Rb3 Qa5 21.Rbxb7 Nb6 22.Rdc7 Rfc8
23.Re7 Rcb8 24.f4 Rxb7 25.Rxb7 f6 26.Qd4 Re8 27.Kh2 c5 28.Qd6 Bf7 29.Qc7 Rf8
30.Nd5 Qxa2 31.Ne7+ Kh8 32.Rb8 Be8 33.Qxc5 Nd7 34.Qd6 Nxb8 35.Ng6+ Bxg6 36.Qxf8+ Qg8
37.Qe7 a6 38.f5 Bf7 39.e5 fxe5 40.Qxe5 Qe8 41.Qd6 a5 42.g5 Nd7  0-1

[Event "Stockholm"]
[Site "Stockholm"]
[Date "1995.??.??"]
[Round "11"]
[White "Davies, Nigel R"]
[Black "Chernin, Alexander"]
[Result "1/2-1/2"]
[WhiteElo "2505"]
[BlackElo "2600"]

1.Nf3 d5 2.g3 c6 3.Bg2 Bg4 4.b3 Nd7 5.Bb2 e6 6.O-O Ngf6 7.c4 a5 8.d3 Bc5
9.Nbd2 O-O 10.Qc2 Re8  1/2-1/2

[Event "Struga zt"]
[Site "Struga"]
[Date "1995.??.??"]
[Round "?"]
[White "Dizdarevic, Emir"]
[Black "Smirin, Ilia"]
[Result "1/2-1/2"]
[WhiteElo "2500"]
[BlackElo "2630"]

1.Nf3 d5 2.g3 c6 3.Bg2 Bg4 4.d4 Nd7 5.Nbd2 Ngf6 6.O-O e6 7.Re1 Bf5 8.Nh4 Be7
9.Nxf5 exf5 10.c4 O-O 11.Qc2 g6 12.b3 Re8 13.Bb2 Bd6 14.e3 h5 15.Nf3 Qe7
16.Bf1 a6 17.Re2 Rad8 18.Bc3 Qf8 19.Ba5 Rc8 20.Rc1 Ne4 21.Qd1 Ndf6 22.Nh4 Qh6
23.Be1 Rcd8 24.c5 Bc7 25.f3 Ng5 26.Bf2 Ne6 27.b4 Re7 28.Qc2 Rde8 29.Rce1 Nh7
30.Kh1 Rd7 31.a4 Bd8 32.Ng2 Bf6 33.Qd3 Ra8 34.Rb1 Nc7 35.Qc2 Ng5 36.Nh4 Nge6
37.Ng2 Re8 38.Rbe1 Rde7 39.Qd3 Qh7 40.h4 Bg7 41.Kh2 Bh6 42.Kh1 Qg7 43.Kh2 Qf6
44.Kh1 Rb8 45.Rc2  1/2-1/2

[Event "SWZ-chT"]
[Site "SWZ"]
[Date "1995.??.??"]
[Round "3"]
[White "Hug, Werner"]
[Black "Costa, Jean Luc"]
[Result "1/2-1/2"]
[WhiteElo "2470"]
[BlackElo "2440"]

1.Nf3 d5 2.g3 c5 3.Bg2 Nc6 4.d4 Nf6 5.O-O Bg4 6.Ne5 cxd4 7.Nxg4 Nxg4 8.e4 Nf6
9.exd5 Nxd5 10.c3 e6 11.cxd4 Bb4 12.Nc3 Bxc3 13.bxc3 Rc8 14.Bd2 O-O 15.Qe2 Na5
16.Rfc1 Nc4 17.Rab1 Qd7 18.Be1 Rc7 19.Be4 Rfc8 20.Bd3  1/2-1/2

[Event "SWZ-chT"]
[Site "SWZ"]
[Date "1995.??.??"]
[Round "5"]
[White "Hug, Werner"]
[Black "Campora, Daniel H"]
[Result "1/2-1/2"]
[WhiteElo "2470"]
[BlackElo "2550"]

1.Nf3 d5 2.g3 Bg4 3.Bg2 Nd7 4.c4 e6 5.cxd5 exd5 6.O-O Ngf6 7.d3 Be7 8.h3 Bxf3
9.Bxf3 O-O 10.Nc3 d4 11.Ne4 c6 12.Nxf6+ Bxf6 13.Qd2 a5 14.a3  1/2-1/2